CEDAW and Muslim family laws: (Record no. 4824)

MARC details
000 -LEADER
fixed length control field 00650nam a22001937a 4500
005 - DATE AND TIME OF LATEST TRANSACTION
control field 20240229100937.0
008 - FIXED-LENGTH DATA ELEMENTS--GENERAL INFORMATION
fixed length control field 240228b2011 |||||||| |||| 00| 0 eng d
082 ## - DEWEY DECIMAL CLASSIFICATION NUMBER
Classification number 305.4
Item number MUS
942 ## - ADDED ENTRY ELEMENTS (KOHA)
Item Type Reports
110 ## - MAIN ENTRY--CORPORATE NAME
Corporate Name Musawah
245 ## - TITLE STATEMENT
Title CEDAW and Muslim family laws:
Sub Title in search of common ground
260 ## - PUBLICATION, DISTRIBUTION, ETC. (IMPRINT)
Place of Publication Selangor:
Name of Publisher Musawah,
Date of Copyright 2011
300 ## - PHYSICAL DESCRIPTION
Extent 88 p.
Physical Details Bibliography & glossary included
856 ## - ELECTRONIC LOCATION AND ACCESS
Uniform Resource Identifier <a href="https://www.peacewomen.org/sites/default/files/wps_cedawandmuslimfamilylaws_march2011_0.pdf">https://www.peacewomen.org/sites/default/files/wps_cedawandmuslimfamilylaws_march2011_0.pdf</a>
650 ## - SUBJECT ADDED ENTRY--TOPICAL TERM
Topical Term MUSLIM FAMILY LAWS-Women
650 ## - SUBJECT ADDED ENTRY--TOPICAL TERM
Topical Term CEDAW Convention
650 ## - SUBJECT ADDED ENTRY--TOPICAL TERM
Topical Term Property Law and Housing Rights
650 ## - SUBJECT ADDED ENTRY--TOPICAL TERM
Topical Term Social and Economic Rights
Holdings
Withdrawn status Lost status Source of classification or shelving scheme Damaged status Not for loan Permanent location Current location Date acquired Total Checkouts Full call number Barcode Date last seen Price effective from Koha item type
    Dewey Decimal Classification     Resource center, Muslim Women's Research And Action Forum Resource center, Muslim Women's Research And Action Forum 2024-02-28   305.4 MUS RAF5121 2024-02-28 2024-02-28 Reports

Copyright © 2023 Muslim Women's Research and Action Forum (MWRAF), No 27/3, Anderson Road, Kalubowila, Dehiwela. Funded by The Asia Fundation